00724nam a22001937a 4500003000500000005001700005008004100022010001000063011001000073035001000083040000900093100003100102245019600133260003900329300001000368502009100378650003500469650002600504CHAP20220329134329.0971013s1979 r 00010 d a18887 a19859 a23944 cCHAP00aDíaz Belmontes, Alfredo. aEstudio de factibilidad económica para la siembra de tomnate (Lycopersicon esculentm Mill) de la variedad Roma para la región de Apodaca, N.L. durante el ciclo de primavera-verano de 1979 aMonterrey. N.L. :bEl autor,c1979 a87 h. aTesis (Ing. Agr. Administrador) -- ITESM. Div. de Ciencias Agropecuarias y Marítimas14aTomatexAspectos económicos.14aTomatexNuevo León.